[Event "Abu Dhabi op 23rd"]
[Site "Abu Dhabi"]
[Date "2016.08.28"]
[Round "8"]
[White "Efimenko, Zahar"]
[Black "Mekhitarian, Krikor Sevag"]
[Result "1/2-1/2"]
[WhiteElo "2661"]
[BlackElo "2550"]
[Annotator "Mekhitarian,K"]
[PlyCount "81"]
[EventDate "2016.08.21"]
[EventType "swiss"]
[EventRounds "9"]
[EventCountry "UAE"]
[SourceTitle "CBM 175"]
[Source "ChessBase"]
[SourceDate "2016.11.10"]
[SourceVersion "1"]
[SourceVersionDate "2016.11.10"]
[SourceQuality "1"]

1. Nf3 d5 2. g3 c5 3. Bg2 Nc6 {Trying to play ...e5 and obtain the initiative
right away. I wanted to provoke 4.d4 and play a Grünfeld with reversed
colours, which is normally good for white, but I had an idea later, as we will
see.} 4. d4 (4. O-O e5 {forcing White to play the King's Indian Defence with
reversed colours.}) 4... Nf6 5. O-O cxd4 6. Nxd4 e5 7. Nxc6 bxc6 8. c4 Be6 {
This was tried by Anand twice in 2016, playing the Be3-Rc1 line as Black turns
out to be consistent, and I think Black achieves a pleasant position, as we
can see:} 9. Bg5 (9. Nc3 {was another way to play, putting direct pressure on
d5, forcing Black to sacrifice the d5-pawn.} Rc8 10. cxd5 cxd5 11. Qa4+ Qd7 12.
Qxd7+ Kxd7 13. Rd1 Bc5 $1 14. Nxd5 Nxd5 15. Bxd5 Bxd5 16. Rxd5+ Ke6 {and Black
has a strong initiative, enough to achieve equality:} 17. Rd2 Rhd8 $1 18. Kf1
Bb6 $1 {threatening Rxc1+} 19. Rxd8 Rxd8 20. Be3 Bxe3 21. fxe3 Rd2 22. Rb1 Kf5
$1 (22... Rc2 23. Ke1 g5 24. Kd1 Rc6 25. Rc1 Ra6 26. a3 Rd6+ 27. Ke1 a5 28. Rc5
Rb6 29. Rxa5 Rxb2 30. g4 Rb1+ 31. Kf2 Kf6 32. a4 Rh1 33. Kg2 Re1 34. Kf3 Rh1
35. Kg2 Re1 36. Kf3 Rh1 37. Kg2 {1/2-1/2 (37) Svidler,P (2745)-Vallejo Pons,F 
(2684) Reykjavik 2015}) 23. Ke1 Rc2 24. a4 h5 25. b4 g5 26. a5 a6 27. h3 Rc4 {
1/2-1/2 (27) Sacripanti,G (2309)-Lovakovic,F (2334) ICCF 2015; folllowed by ...
Ke4.}) 9... Rc8 10. Qa4 Qd7 $1 {Black doesn't mind spoiling his structure; in
exchange for that, I'll keep the bishop pair and a strong centre.} 11. Bxf6
gxf6 12. e3 (12. Nd2 $5) 12... d4 $1 13. exd4 exd4 14. Nd2 (14. c5 {was tried
by Nakamura, but Anand even achieved a slightly better position after:} Bxc5
15. Rc1 Qe7 $1 16. Bxc6+ Kf8 {the king is very safe on g7} 17. Nd2 Kg7 18. Qb5
Bb6 19. Qd3 Rc7 20. Be4 Rhc8 $15 {1/2-1/2 (30) Nakamura,H (2787)-Anand,V (2784)
Zuerich 2016}) 14... c5 15. Qb3 Bg7 16. Qd3 O-O 17. f4 (17. Rfe1 Rfe8 18. b3
Bf5 {and White will have to play Be4 anyway:} 19. Be4 Bg6 $5 $13 {possibly
doubling on the f-file.}) 17... Bf5 $1 18. Be4 Bxe4 19. Nxe4 Rfe8 {Now an
original position is reached. Black apparently has a bad bishop, but the
d4-pawn is very strong, and the e4-square is not stable for the knight, and
there could be invasions on e3 as well (like ...Re3). The initial conclusion
is that Black has enough counterplay to keep the dynamic balance.} 20. Rae1 Qc6
(20... Re7 $5 {followed by ...f5 and Rce8 was possible, perhaps more precise.})
21. g4 {I totally forgot about this move!} (21. Nf2 Re3 {was my idea} 22. Rxe3
dxe3 23. Qxe3 f5 $1 $44 {and Black is never worse, since ...Bd4 is coming,
together with ...Re8, with strong compensation.}) (21. Qf3 f5 22. Ng5 Re3 $1
$36 {for example.}) 21... Re6 $6 {White is in time to nearly consolidate after
this.} (21... Qd7 $5 {would have been interesting, to create some counterplay
against g4} 22. g5 (22. f5 Qc6 {threatening ...Bh6} 23. h4 Re5 $40 {followed
by Rce8}) (22. h3 $6 f5) (22. Nf2 Bh6 23. Qf3 f5 24. g5 Bg7 $13 25. Nd3 $6 {
White is never in time to blockade efficiently} Re3 $1 $17) 22... fxg5 23. fxg5
Kh8 $13 {with complicated play. It is hard to evaluate what's going on.}) 22.
Re2 Rce8 23. Rfe1 Qc7 24. f5 $6 (24. Qf3 $1 $14 {Keeping the stability, it is
not easy to generate counterplay. During the game, I thought ...d3! was
possible} d3 $6 25. f5 $1 {I quickly looked at this, but didn't realise it
would be dangerous for me} (25. Qxd3 $6 Qxf4 $11) 25... dxe2 26. fxe6 Rxe6 27.
Rxe2 $16 {achieving a much better version than the game, without my d-pawn.})
24... Re5 25. Ng3 Bh6 $1 {Activating my bishop as fast as I can.} 26. Rxe5 Rxe5
27. Rxe5 Qxe5 28. Qe4 {During the game I was somewhat worried, but then it
turns out 28...Qb8! works well.} Qb8 $1 (28... Bf4 $2 {was one of my initial
ideas, but it might fail:} 29. Qxe5 fxe5 30. Ne4 Be3+ 31. Kg2 $1 {this is even
stronger!} (31. Kf1 d3 {looks ugly for Black, but I didn't see how White would
make any serious progress} 32. h4 $16) 31... d3 32. Kf3 Bd4 33. Nd2 {
(threatening Ke4)} Bxb2 34. Ke4 Kf8 35. Kxd3 $18 {now White should win without
any problems, after Ne4, expanding the kingside and bringing the king over to
the queenside.}) 29. Nh5 (29. b3 Bf4 $1 30. Nh5 Bxh2+ 31. Kg2 Be5 $11 {should
be very stable for Black.}) 29... Qxb2 $1 {The counterplay is necessary, and
comes at the right moment, White doesn't have a decisive attack here.} 30.
Nxf6+ Kg7 31. Nh5+ Kg8 (31... Kf8 $2 {would be a psychological mistake. When I
played 29...Qxb2, I had 1 minute and he had 15. He spent a lot of time and
chose 30.Nxf6+. If he really liked 30.Qe8+, he would have played it right away.
But since he realised my king was safe on g8, he wanted to give me the option
to go wrong with ...Kf8, apparently 'escaping' from the corner, but plunging
into dangerous waters. Anyway, there is a very interesting endgame in this
variation:} 32. Qa8+ Ke7 33. Qxa7+ Kf8 34. Qa8+ Ke7 35. f6+ Kd7 36. Qd5+ Kc8
37. Qxc5+ Kb7 38. Qb5+ Qxb5 39. cxb5 {31...Kg8 is better, but while analysing
the game, I realized a unique endgame takes place here, with many forced moves
(and possibly there are alternatives and the verdict may not be 100% right,
even though I have spent hours on this).} Kb6 40. a4 Be3+ 41. Kg2 d3 42. Kf3
Bg1 43. h4 $1 (43. Nf4 d2 44. Ke2 Bxh2 45. Nd3 Ka5 46. Nc5 Kb4 47. Ne6 $1 Kxa4
48. b6 Kb5 49. b7 Kc6 50. Nd8+ Kd7 51. Nxf7 Ke6 52. Ng5+ Kxf6 53. Nxh7+ Kg6 54.
Nf8+ Kg5 55. Kxd2 Kxg4 56. Kd3 Kf5 57. Kd4 Kf6 58. Nd7+ Ke6 59. Nc5+ Ke7 60.
Kd5 Kd8 61. Kc6 Bb8 $11) 43... Ka5 44. Nf4 d2 45. Ke2 Kxa4 46. Nh3 $3 {the
only move to win, winning a tempo on the g1-bishop} (46. Ne6 $2 {only achieves
a draw} Kxb5 47. Ng5 Kc6 48. Kxd2 (48. Nxf7 Bd4 $1 49. g5 Bc3 $11) 48... Kd5
49. Kd3 (49. Nxh7 Ke4 $11) 49... h6 $1 50. Nxf7 Bf2 $1 51. h5 (51. g5 Bxh4 $11)
51... Ke6 52. Nxh6 Kxf6 53. Nf5 Kg5 54. Ke4 Bc5 $1 (54... Kxg4 $4 55. h6 $18)
55. Kf3 Ba3 {and White can't win!} 56. Ng3 Bc1 57. Ne4+ Kh4 $11) 46... Be3 47.
b6 (47. Ng5 $2 Bxg5 48. hxg5 Kxb5 49. Kxd2 Kc4 50. Ke3 Kd5 $11) 47... Kb3 {
threatening ...Kc2} 48. Kd1 $1 Bxb6 49. Ng5 (49. Kxd2 $2 Kc4 $1 {returning in
time} 50. Ng5 Kd5 $11) 49... Kc4 50. Nxf7 (50. Kxd2 $2 Kd5 $1 $11) 50... Bd4
51. Nd6+ (51. g5 $2 Kd5 52. Kxd2 Bf2 53. h5 Ke6 54. Nd8+ Kf5 55. f7 Bc5 56. Kd3
Ba3 57. Kd4 Kxg5 $11) 51... Kd5 52. f7 Bg7 53. Ne8 Bh6 54. g5 {followed by
Nf6+ and Nxh7 if the bishop moves} Ke6 55. gxh6 Kxf7 56. Ng7 $1 Kg6 57. Kxd2
Kxh6 58. Nf5+ Kh5 59. Ke3 Kg4 60. Ke4 $18) 32. Qe8+ Bf8 33. Nf6+ Kg7 34. Qe5
Qc1+ (34... Qb1+ 35. Kg2 Qxa2+ 36. Kg3 Qb3+ (36... Qxc4 $4 37. Nd7+ Kg8 38. Qe8
$18 {the white king finds a good shelter on h4}) 37. Kh4 Qe3 $1 $11) 35. Kg2
Qxc4 {And White can't convert the initiative into a full point.} 36. Nh5+ Kg8
37. Nf6+ Kg7 38. Nh5+ Kg8 39. Nf6+ Kg7 40. Nd7+ Kg8 41. Nf6+ (41. Nxf8 {
would be a possible way to keep on playing, but Black defends:} Qxa2+ 42. Kg3
Kxf8 43. f6 Qe6 44. Qxc5+ Kg8 45. Qxd4 h6 $11) 1/2-1/2

[Event "Abu Dhabi op 23rd"]
[Site "Abu Dhabi"]
[Date "2016.08.29"]
[Round "9"]
[White "Mekhitarian, Krikor Sevag"]
[Black "Oparin, Grigoriy"]
[Result "1/2-1/2"]
[WhiteElo "2550"]
[BlackElo "2617"]
[PlyCount "71"]
[EventDate "2016.08.21"]
[EventType "swiss"]
[EventRounds "9"]
[EventCountry "UAE"]
[SourceTitle "CBM 174 Extra"]
[Source "ChessBase"]
[SourceDate "2016.10.10"]
[SourceVersion "1"]
[SourceVersionDate "2016.10.10"]
[SourceQuality "1"]

1. e4 c5 2. Nf3 d6 3. d4 cxd4 4. Nxd4 Nf6 5. Nc3 a6 6. Be3 e5 7. Nb3 Be6 8. Be2
Be7 9. Nd5 Nxd5 10. exd5 Bf5 11. Qd2 O-O 12. O-O Bg6 13. Rac1 a5 14. a4 Nd7 15.
Bb5 f5 16. f4 Nf6 17. g3 Ng4 18. c3 Bf6 19. Rce1 h5 20. Qe2 Nxe3 21. Qxe3 h4
22. Nd2 Rc8 23. Nf3 hxg3 24. hxg3 e4 25. Nd4 Bxd4 26. Qxd4 Rc5 27. Be2 Bf7 28.
c4 Qb6 29. Ra1 Qb4 30. Rfd1 Be8 31. Qd2 Qb6 32. Kg2 Rc7 33. Rh1 Bg6 34. Rhd1
Be8 35. Rh1 Bg6 36. Rhd1 1/2-1/2

[Event "Zicosur op 3rd"]
[Site "Antofagasta"]
[Date "2017.01.10"]
[Round "1"]
[White "Diaz Diaz, Victor"]
[Black "Mekhitarian, Krikor Sevag"]
[Result "0-1"]
[WhiteElo "1885"]
[BlackElo "2559"]
[PlyCount "72"]
[EventDate "2017.01.10"]
[EventType "swiss"]
[EventRounds "9"]
[EventCountry "CHI"]
[SourceTitle "CBM 176 Extra"]
[Source "ChessBase"]
[SourceDate "2017.03.02"]
[SourceVersion "1"]
[SourceVersionDate "2017.03.02"]
[SourceQuality "1"]

1. e4 e5 2. Nf3 Nc6 3. Bb5 a6 4. Ba4 Nf6 5. O-O Be7 6. Re1 b5 7. Bb3 O-O 8. c3
d6 9. h3 Re8 10. Ng5 Rf8 11. Nf3 h6 12. d4 Bb7 13. Nbd2 Re8 14. d5 Na5 15. Bc2
c6 16. dxc6 Bxc6 17. a4 Qc7 18. Nf1 Qb7 19. Ng3 Bf8 20. Nd2 b4 21. c4 Qc7 22.
b3 g6 23. Qf3 Nd7 24. Ndf1 Nc5 25. h4 f5 26. h5 f4 27. Nh1 gxh5 28. g3 Bg7 29.
Rb1 Ne6 30. Bd1 h4 31. gxf4 exf4 32. Bb2 Bxb2 33. Rxb2 Qg7+ 34. Qg2 Ng5 35. f3
h3 36. Qd2 Nxf3+ 0-1

[Event "Zicosur op 3rd"]
[Site "Antofagasta"]
[Date "2017.01.11"]
[Round "2"]
[White "Mekhitarian, Krikor Sevag"]
[Black "Hurtado Bahamonde, Rodrigo And"]
[Result "1-0"]
[WhiteElo "2559"]
[BlackElo "2137"]
[PlyCount "97"]
[EventDate "2017.01.10"]
[EventType "swiss"]
[EventRounds "9"]
[EventCountry "CHI"]
[SourceTitle "CBM 176 Extra"]
[Source "ChessBase"]
[SourceDate "2017.03.02"]
[SourceVersion "1"]
[SourceVersionDate "2017.03.02"]
[SourceQuality "1"]

1. e4 c5 2. Nf3 Nc6 3. Bb5 g6 4. O-O Bg7 5. d3 e5 6. a3 Nge7 7. b4 d6 8. bxc5
dxc5 9. Nc3 O-O 10. Bc4 h6 11. a4 b6 12. Bd2 Rb8 13. Rb1 Bg4 14. h3 Bd7 15. Re1
Kh7 16. Bb3 Qc8 17. Nd5 Be6 18. Ne3 Bxb3 19. Rxb3 Nd4 20. Nxd4 cxd4 21. Nc4 Qd7
22. Rb5 a6 23. Rxb6 Qxa4 24. Qb1 Nc6 25. Qb2 Rxb6 26. Nxb6 Qb5 27. Qxb5 axb5
28. Rb1 b4 29. Bxb4 Nxb4 30. Rxb4 Rb8 31. Nd5 Rxb4 32. Nxb4 h5 33. Kf1 Kg8 34.
Ke2 Kf8 35. Nd5 Ke8 36. g3 Kd7 37. f4 Ke6 38. Kf3 Bh6 39. Nb6 f6 40. Nd5 Bf8
41. g4 hxg4+ 42. Kxg4 Kf7 43. h4 Ba3 44. f5 Bc1 45. fxg6+ Kxg6 46. h5+ Kf7 47.
Kf5 Bg5 48. h6 Bxh6 49. Nxf6 1-0

[Event "Zicosur op 3rd"]
[Site "Antofagasta"]
[Date "2017.01.11"]
[Round "3"]
[White "Lenoir Ibacache, Gabriel Alberto"]
[Black "Mekhitarian, Krikor Sevag"]
[Result "0-1"]
[WhiteElo "2255"]
[BlackElo "2559"]
[PlyCount "92"]
[EventDate "2017.01.10"]
[EventType "swiss"]
[EventRounds "9"]
[EventCountry "CHI"]
[SourceTitle "CBM 176 Extra"]
[Source "ChessBase"]
[SourceDate "2017.03.02"]
[SourceVersion "1"]
[SourceVersionDate "2017.03.02"]
[SourceQuality "1"]

1. e4 e5 2. Nf3 Nc6 3. d4 exd4 4. Nxd4 Bc5 5. Nxc6 bxc6 6. Bd3 Qh4 7. O-O Nf6
8. Qf3 O-O 9. Qf4 Qh5 10. Qg5 Qxg5 11. Bxg5 Ng4 12. Bf4 Bd4 13. Nc3 d6 14. Rad1
Rb8 15. h3 Ne5 16. Be2 Bxc3 17. bxc3 Be6 18. Rb1 Bc4 19. Bxc4 Nxc4 20. Rb3 Rb6
21. Rd1 c5 22. e5 dxe5 23. Bg3 Rd6 24. Re1 f6 25. Rb7 Rfd8 26. Rxc7 Rd1 27. Kf1
Nd2+ 28. Ke2 Rxe1+ 29. Kxe1 Ne4 30. Bh4 Nxc3 31. f3 Rd1+ 32. Kf2 Rd2+ 33. Kf1
Rxc2 34. Rxc5 Rc1+ 35. Be1 Nxa2 36. Ra5 Nb4 37. Ke2 Nc6 38. Ra6 Nd4+ 39. Kf2
Rc7 40. Bb4 Rc2+ 41. Kf1 Nf5 42. g4 Ne3+ 43. Ke1 Ng2+ 44. Kf1 Nf4 45. Rxa7 Rc1+
46. Kf2 Nd3+ 0-1

[Event "Zicosur op 3rd"]
[Site "Antofagasta"]
[Date "2017.01.12"]
[Round "4"]
[White "Mekhitarian, Krikor Sevag"]
[Black "Obregon, Carlos Andres"]
[Result "1/2-1/2"]
[WhiteElo "2559"]
[BlackElo "2502"]
[PlyCount "75"]
[EventDate "2017.01.10"]
[EventType "swiss"]
[EventRounds "9"]
[EventCountry "CHI"]
[SourceTitle "CBM 176 Extra"]
[Source "ChessBase"]
[SourceDate "2017.03.02"]
[SourceVersion "1"]
[SourceVersionDate "2017.03.02"]
[SourceQuality "1"]

1. e4 c5 2. Nf3 d6 3. d4 cxd4 4. Nxd4 Nf6 5. Nc3 a6 6. g3 e6 7. Bg2 Qc7 8. O-O
Be7 9. a4 Nc6 10. Be3 Ne5 11. Qe2 Nc4 12. Bc1 Bd7 13. b3 Na5 14. Bb2 Rc8 15.
Rfe1 O-O 16. Rad1 Nc6 17. Nxc6 Bxc6 18. Ba3 Rfe8 19. Rd3 Bf8 20. Qd2 Red8 21.
h3 h6 22. Rd1 Ne8 23. Bb4 Be7 24. a5 Nf6 25. Qe1 Re8 26. Qd2 d5 27. Bxe7 Rxe7
28. exd5 Bxd5 29. Nxd5 exd5 30. Bxd5 Nxd5 31. Rxd5 Qxc2 32. Rd8+ Kh7 33. Qxc2+
Rxc2 34. R8d7 Rc7 35. Rxe7 Rxe7 36. Rd6 Re5 37. Rb6 Rxa5 38. Rxb7 1/2-1/2

[Event "Zicosur op 3rd"]
[Site "Antofagasta"]
[Date "2017.01.12"]
[Round "5"]
[White "Mekhitarian, Krikor Sevag"]
[Black "Rodriguez Vila, Andres"]
[Result "1/2-1/2"]
[WhiteElo "2559"]
[BlackElo "2468"]
[PlyCount "119"]
[EventDate "2017.01.10"]
[EventType "swiss"]
[EventRounds "9"]
[EventCountry "CHI"]
[SourceTitle "CBM 176 Extra"]
[Source "ChessBase"]
[SourceDate "2017.03.02"]
[SourceVersion "1"]
[SourceVersionDate "2017.03.02"]
[SourceQuality "1"]

1. d4 Nf6 2. Nf3 g6 3. g3 Bg7 4. Bg2 O-O 5. O-O d6 6. c4 Nbd7 7. Nc3 e5 8. e4
exd4 9. Nxd4 Re8 10. h3 Nc5 11. Re1 a5 12. Bf4 Nfd7 13. Be3 Ne5 14. b3 Bd7 15.
Qc2 a4 16. Rad1 axb3 17. axb3 Qc8 18. Kh2 Nc6 19. Nd5 Na6 20. Nb5 Ncb4 21. Nxb4
Nxb4 22. Qd2 Nc6 23. f4 Rd8 24. Bf2 Qb8 25. Re2 Be8 26. Qe1 Na5 27. Ba7 Rxa7
28. Nxa7 Nxb3 29. Nb5 Bxb5 30. cxb5 Nd4 31. Ra2 Nxb5 32. e5 c6 33. Bf1 dxe5 34.
Rxd8+ Qxd8 35. Bxb5 cxb5 36. fxe5 Qe7 37. Ra8+ Bf8 38. Qe4 Qc5 39. Kg2 Kg7 40.
h4 b4 41. Ra2 Qc6 42. Re2 h5 43. Kh2 Qxe4 44. Rxe4 Bc5 45. Rf4 Kf8 46. Kg2 b3
47. Rf3 b2 48. Rb3 Bd4 49. e6 fxe6 50. Rxb7 Ke8 51. Kf3 Be5 52. g4 Kd8 53. gxh5
gxh5 54. Ke4 Bf6 55. Kd3 Kc8 56. Rb5 Kd7 57. Kc2 e5 58. Rxb2 Ke6 59. Rb4 Kf5
60. Kd3 1/2-1/2

[Event "Zicosur op 3rd"]
[Site "Antofagasta"]
[Date "2017.01.13"]
[Round "6"]
[White "Zamorano, Jorge Adrian"]
[Black "Mekhitarian, Krikor Sevag"]
[Result "0-1"]
[WhiteElo "2332"]
[BlackElo "2559"]
[PlyCount "278"]
[EventDate "2017.01.10"]
[EventType "swiss"]
[EventRounds "9"]
[EventCountry "CHI"]
[SourceTitle "CBM 176 Extra"]
[Source "ChessBase"]
[SourceDate "2017.03.02"]
[SourceVersion "1"]
[SourceVersionDate "2017.03.02"]
[SourceQuality "1"]

1. e4 c5 2. Nf3 d6 3. d4 cxd4 4. Nxd4 Nf6 5. Nc3 a6 6. Be3 e5 7. Nb3 Be6 8. f3
h5 9. Qd2 Nbd7 10. Nd5 Bxd5 11. exd5 g6 12. Be2 Bg7 13. O-O O-O 14. Na5 Qc7 15.
c4 Rfe8 16. Rac1 b6 17. Nc6 Nb8 18. Nxb8 Raxb8 19. b4 Nd7 20. Bd1 a5 21. bxa5
bxa5 22. Ba4 e4 23. Bb5 exf3 24. Rxf3 Re4 25. Rf4 Re7 26. Rff1 Rbe8 27. Bg5 Re4
28. Kh1 R8e5 29. Bf4 Rf5 30. Be3 Rxf1+ 31. Rxf1 a4 32. Bg1 Nc5 33. Re1 Qe7 34.
Rxe4 Qxe4 35. Qd1 Nd3 36. Bxa4 Nb2 37. Bc2 Qxc4 38. Bb3 Qc3 39. Qc2 Qe1 40. Qf2
Qa1 41. g3 Nd3 42. Qe3 Ne5 43. Kg2 Bf6 44. Qe2 Qc3 45. Be3 Kg7 46. Qd2 Qc8 47.
Bh6+ Kh7 48. Bf4 h4 49. h3 hxg3 50. Bxg3 Kg7 51. Qe2 Qc3 52. Be1 Qc1 53. Qd2
Qb1 54. Qe2 Qc1 55. Qd2 Qc5 56. Qe2 Qd4 57. Bf2 Qb4 58. Be1 Qb6 59. Bf2 Qc7 60.
Qc2 Qa5 61. Qe2 Nd7 62. Be1 Qc5 63. Qg4 Ne5 64. Qe2 Qa3 65. Bf2 Qc1 66. Be3 Qb1
67. Qc2 Qe1 68. Bf2 Qb4 69. Qe2 Bh4 70. Bg1 Qc3 71. Be3 Bf6 72. Qd2 Qc8 73. Qc2
Qa6 74. Bf4 Qb5 75. Bg3 Qb4 76. Qe2 Nd7 77. Be1 Bc3 78. Bf2 Be5 79. Qg4 Qb7 80.
Qc4 Nf6 81. Be3 Qd7 82. a4 Qd8 83. Bd2 Nd7 84. a5 Nc5 85. Bd1 Qb8 86. Qb4 Qa8
87. Qc4 Qb7 88. Be2 Qb2 89. Bc1 Qa1 90. Bd2 Qa3 91. Be1 Qa1 92. Bd2 Bd4 93. Qc1
Qa2 94. Bc4 Qa4 95. Be2 Be5 96. Qc4 Qa3 97. Be1 Qa1 98. Bd2 Bd4 99. Qc1 Qa2
100. Bc4 Qa4 101. Be2 Nb3 102. Qd1 Qa2 103. Bf4 Bc5 104. a6 Nd4 105. Kf1 Qxd5
106. Be3 Qh1+ 107. Kf2 Qh2+ 108. Kf1 Qxh3+ 109. Kf2 Nf5 110. Bxc5 Qg3+ 111. Kf1
dxc5 112. Qa1+ Kh7 113. Bb5 Qf3+ 114. Kg1 Qg3+ 115. Kf1 Qf3+ 116. Kg1 Ne3 117.
Qa2 Qg3+ 118. Kh1 Qf3+ 119. Kg1 Qg4+ 120. Kh1 Qe4+ 121. Kg1 Qg4+ 122. Kh1 Qd1+
123. Kh2 Qh5+ 124. Kg1 Qg5+ 125. Kh1 Qd5+ 126. Qxd5 Nxd5 127. Bc4 Nc7 128. Bxf7
Nxa6 129. Kg2 Kg7 130. Bc4 Nc7 131. Kf3 Ne8 132. Kf4 Kf6 133. Be2 Nd6 134. Bd3
g5+ 135. Kg4 c4 136. Bb1 c3 137. Kf3 Ke5 138. Ke3 Nc4+ 139. Kd3 Na3 0-1

[Event "Zicosur op 3rd"]
[Site "Antofagasta"]
[Date "2017.01.14"]
[Round "7"]
[White "Cruz, Cristhian"]
[Black "Mekhitarian, Krikor Sevag"]
[Result "1-0"]
[WhiteElo "2551"]
[BlackElo "2559"]
[PlyCount "95"]
[EventDate "2017.01.10"]
[EventType "swiss"]
[EventRounds "9"]
[EventCountry "CHI"]
[SourceTitle "CBM 176 Extra"]
[Source "ChessBase"]
[SourceDate "2017.03.02"]
[SourceVersion "1"]
[SourceVersionDate "2017.03.02"]
[SourceQuality "1"]

1. c4 e5 2. g3 Nf6 3. Bg2 d5 4. cxd5 Nxd5 5. Nf3 Nc6 6. O-O Nb6 7. d3 Be7 8.
Nbd2 O-O 9. b3 Re8 10. Bb2 Bf8 11. Rc1 f6 12. a3 a5 13. Ne4 Nd4 14. Nxd4 exd4
15. Nc5 c6 16. Re1 Bxc5 17. Rxc5 Qd6 18. Rh5 Bg4 19. Rh4 h5 20. Bf3 g5 21. Bxg4
gxh4 22. Bxh5 Re7 23. Qd2 Rg7 24. Bf3 Nd7 25. Qc1 Ne5 26. Bg2 Re8 27. Qf4 Rg4
28. Qh6 Nxd3 29. Qh5 Qe6 30. Bh3 hxg3 31. hxg3 Nxf2 32. Bxg4 Nxg4 33. Qg6+ Kh8
34. Bxd4 Ne5 35. Qh6+ Kg8 36. Rf1 Qg4 37. Bxe5 Rxe5 38. Rxf6 Qd4+ 39. Rf2 Qd1+
40. Kh2 Qd8 41. Qg6+ Kh8 42. Kg1 Qd1+ 43. Kh2 Qd8 44. Rf7 Rxe2+ 45. Kh3 Qc8+
46. g4 Re3+ 47. Kg2 Re2+ 48. Kf3 1-0

[Event "Zicosur op 3rd"]
[Site "Antofagasta"]
[Date "2017.01.14"]
[Round "8"]
[White "Mekhitarian, Krikor Sevag"]
[Black "Delgado Romero, Marco"]
[Result "1-0"]
[WhiteElo "2559"]
[BlackElo "2159"]
[PlyCount "73"]
[EventDate "2017.01.10"]
[EventType "swiss"]
[EventRounds "9"]
[EventCountry "CHI"]
[SourceTitle "CBM 176 Extra"]
[Source "ChessBase"]
[SourceDate "2017.03.02"]
[SourceVersion "1"]
[SourceVersionDate "2017.03.02"]
[SourceQuality "1"]

1. e4 c5 2. Nf3 g6 3. d4 cxd4 4. Nxd4 Nf6 5. Nc3 Nc6 6. Nxc6 bxc6 7. e5 Ng8 8.
Bc4 Qa5 9. O-O Ba6 10. Bxa6 Qxa6 11. Ne4 Qc4 12. Re1 Bg7 13. Bg5 Bxe5 14. Nd6+
Bxd6 15. Qxd6 O-O-O 16. Qa3 Qb5 17. Qxa7 f6 18. Bd2 Qb7 19. Qa3 d6 20. Re4 Kd7
21. Rb4 Qc8 22. Re1 Ke8 23. Qb3 Kf8 24. Rb7 h5 25. a4 h4 26. Ba5 Re8 27. Bc7
Qd7 28. Re6 d5 29. Re1 c5 30. a5 Rh5 31. a6 c4 32. Qb6 h3 33. Bg3 Qg4 34. f3
Qf5 35. a7 Qxc2 36. Qf2 Qa4 37. Rb8 1-0

[Event "Zicosur op 3rd"]
[Site "Antofagasta"]
[Date "2017.01.15"]
[Round "9"]
[White "Abarca Gonzalez, Nicolas"]
[Black "Mekhitarian, Krikor Sevag"]
[Result "0-1"]
[WhiteElo "2436"]
[BlackElo "2559"]
[PlyCount "78"]
[EventDate "2017.01.10"]
[EventType "swiss"]
[EventRounds "9"]
[EventCountry "CHI"]
[SourceTitle "CBM 176 Extra"]
[Source "ChessBase"]
[SourceDate "2017.03.02"]
[SourceVersion "1"]
[SourceVersionDate "2017.03.02"]
[SourceQuality "1"]

1. c4 Nf6 2. Nc3 e5 3. g3 d5 4. cxd5 Nxd5 5. Bg2 Nb6 6. e3 Be7 7. Nge2 Nc6 8.
O-O O-O 9. f4 exf4 10. Nxf4 Bf6 11. Ne4 Be5 12. d4 Bxf4 13. Rxf4 Ne5 14. Nc5 c6
15. Qb3 Ned7 16. Ne4 Nd5 17. Rf2 N7f6 18. Nxf6+ Nxf6 19. Bd2 Re8 20. Qd3 Be6
21. e4 Qd7 22. Bc3 Bh3 23. Bh1 Rad8 24. Qc2 Qe6 25. Rf4 h6 26. Bf3 g5 27. Rxf6
Qxf6 28. Qd3 Qe6 29. b3 Bg4 30. Bg2 Bh5 31. Bb2 Bg6 32. Qc3 f6 33. Rf1 Bxe4 34.
d5 Bxd5 35. Rxf6 Qe1+ 36. Qxe1 Rxe1+ 37. Kf2 Re7 38. Rxh6 Rf8+ 39. Bf6 Rh7 0-1

[Event "Florianopolis op 3rd"]
[Site "Florianopolis"]
[Date "2017.01.20"]
[Round "1"]
[White "Mekhitarian, Krikor Sevag"]
[Black "Carvalho, Herbert Abreu"]
[Result "1-0"]
[WhiteElo "2559"]
[BlackElo "2151"]
[PlyCount "65"]
[EventDate "2017.01.20"]
[EventType "swiss"]
[EventRounds "10"]
[EventCountry "BRA"]
[SourceTitle "CBM 176 Extra"]
[Source "ChessBase"]
[SourceDate "2017.03.02"]
[SourceVersion "1"]
[SourceVersionDate "2017.03.02"]
[SourceQuality "1"]

1. e4 d6 2. d4 Nf6 3. Nc3 g6 4. Be3 c6 5. h3 Nbd7 6. Nf3 Qc7 7. a4 a5 8. Be2
Bg7 9. O-O O-O 10. Qd2 b6 11. Rfe1 Ba6 12. Bxa6 Rxa6 13. d5 Raa8 14. Nd4 Ne5
15. Qe2 cxd5 16. exd5 Qc4 17. Nc6 Qxe2 18. Nxe7+ Kh8 19. Rxe2 Rfe8 20. Nc6 Nxd5
21. Nxd5 Nxc6 22. Nc7 Bxb2 23. Rb1 Be5 24. Nxe8 Rxe8 25. Bxb6 Rb8 26. Rb5 Kg7
27. g3 f5 28. f4 Bf6 29. Re6 Rc8 30. Rxd6 Nb4 31. Bxa5 Nxc2 32. Rb7+ Kg8 33.
Rxf6 1-0